Memorias del bloqueo de Iquique
Guardat en:
| Autor principal: | |
|---|---|
| Format: | Llibre |
| Idioma: | espanyol |
| Publicat: |
Santiago, Chile
Del Pacífico
1954
|
| Matèries: | |
| Etiquetes: |
Afegir etiqueta
Sense etiquetes, Sigues el primer a etiquetar aquest registre!
|
MARC
| LEADER | 00000nam a2200000 a 4500 | ||
|---|---|---|---|
| 001 | UCO2125 | ||
| 003 | CL-VaPUC | ||
| 005 | 20201106001544.0 | ||
| 008 | 000602e19540126CL |||||||||||||||||spa|d | ||
| 999 | |c 288664 |d 288662 | ||
| 040 | |c Pontificia Universidad Católica de Valparaíso | ||
| 082 | 0 | 4 | |a 983.061 PUI 1954 |2 21 |
| 100 | 0 | |a Puig y Verdaguer, Jaime |e author |9 444969 | |
| 245 | 1 | 0 | |a Memorias del bloqueo de Iquique |
| 260 | |a Santiago, Chile |b Del Pacífico |c 1954 | ||
| 300 | |a 173 páginas | ||
| 583 | |a last modification |c 20000602 00:00:00 |k Rodrigo Vera | ||
| 650 | 0 | |a Historia de Chile |9 265473 | |
| 650 | 7 | |a COMBATE NAVAL DE IQUIQUE |2 CL-VaPUC |9 352618 |z IQUIQUE |z CHILE | |
| 650 | 0 | |a Guerra del Pacífico |z CHILE |z PERU |9 314886 | |
| 852 | |a BIBCUR | ||
| 942 | |c BK |2 ddc | ||
| 945 | |d 20000602 00:00:00 |a crobeson | ||
| 952 | |0 0 |1 0 |2 ddc |4 0 |6 983_061000000000000_PUI_1954 |7 0 |8 A |9 336516 |a BIBHIS |b BIBHIS |d 2019-11-20 |i 1279114 |o 983.061 PUI 1954 |p 1279114 |r 2025-01-20 |t 1 |w 2019-11-20 |y BK |k HIS | ||
| 952 | |0 0 |1 0 |2 ddc |4 0 |6 983_061000000000000_PUI_1954 |7 0 |8 X |9 336517 |a FDOBUD |b FDOBUD |d 2019-11-20 |i 1039938 |o 983.061 PUI 1954 |p 1039938 |r 2019-11-20 |t 3 |w 2019-11-20 |y BK_X |k BUD | ||
| 952 | |0 0 |1 0 |2 ddc |4 0 |6 983_061000000000000_PUI_1954 |7 0 |8 A |9 336518 |a BIBHIS |b BIBHIS |d 2019-11-20 |i 1279122 |o 983.061 PUI 1954 |p 1279122 |r 2025-01-20 |t 2 |w 2019-11-20 |y BK |k HIS | ||